| 000 | 00444cam a2200145u 4500 | ||
|---|---|---|---|
| 001 | 000018254 | ||
| 005 | 20200929165425.0 | ||
| 008 | 840713s1966 fr a 000 0 fre | ||
| 040 |
_aDO-SdBNP _bspa _cBNPHU |
||
| 100 | 1 |
_aChassang, Arsene. _939544 |
|
| 245 | 1 | 0 |
_aRecueil de textes littéraires françai : _bXVIe siecle /. |
| 260 |
_aParis, : _bHachette, _c1966. |
||
| 300 |
_a256 p. : _bil., mapas ; _c24 cm. |
||
| 700 | 1 |
_aSenninger, Charles, _939545 |
|
| 999 |
_c17775 _d17775 |
||